The World Bank and Governance: a decade of reform and reaction (Record no. 5370)
[ view plain ]
| 000 -LEADER | |
|---|---|
| fixed length control field | 00599nam a22002057a 4500 |
| 003 - CONTROL NUMBER IDENTIFIER | |
| control field | OSt |
| 005 - DATE AND TIME OF LATEST TRANSACTION | |
| control field | 20161021132705.0 |
| 008 - FIXED-LENGTH DATA ELEMENTS--GENERAL INFORMATION | |
| fixed length control field | 161021b xxu||||| |||| 00| 0 eng d |
| 020 ## - INTERNATIONAL STANDARD BOOK NUMBER | |
| International Standard Book Number | 0415416507 |
| 040 ## - CATALOGING SOURCE | |
| Transcribing agency | DDC |
| 082 ## - DEWEY DECIMAL CLASSIFICATION NUMBER | |
| Classification number | 332.153 WOR 2007 |
| 100 ## - MAIN ENTRY--PERSONAL NAME | |
| Personal name | Edited by Diane, Stone; Christopher, Wright |
| 9 (RLIN) | 11230 |
| 245 ## - TITLE STATEMENT | |
| Title | The World Bank and Governance: a decade of reform and reaction |
| 260 ## - PUBLICATION, DISTRIBUTION, ETC. (IMPRINT) | |
| Place of publication, distribution, etc. | London; Routledge, 2007 |
| 300 ## - PHYSICAL DESCRIPTION | |
| Extent | xx,276p; ill: 23cm |
| 504 ## - BIBLIOGRAPHY, ETC. NOTE | |
| Bibliography, etc | References, & index included |
| 650 ## - SUBJECT ADDED ENTRY--TOPICAL TERM | |
| Topical term or geographic name as entry element | World bank |
| 9 (RLIN) | 11231 |
| 650 ## - SUBJECT ADDED ENTRY--TOPICAL TERM | |
| Topical term or geographic name as entry element | Economic development |
| 9 (RLIN) | 521 |
| 942 ## - ADDED ENTRY ELEMENTS (KOHA) | |
| Source of classification or shelving scheme | Other/Generic Classification Scheme |
| Koha item type | Book Bank |
| Withdrawn status | Lost status | Source of classification or shelving scheme | Damaged status | Not for loan | Home library | Current library | Date acquired | Source of acquisition | Inventory number | Total Checkouts | Full call number | Barcode | Date last seen | Koha item type |
|---|---|---|---|---|---|---|---|---|---|---|---|---|---|---|
| Dewey Decimal Classification | MUST Main Library | MUST Main Library | 21/10/2016 | Purchase | 16/39833 | 332.153 WOR 2007 | 2016-4870 | 21/10/2016 | Open Shelf | |||||
| Dewey Decimal Classification | MUST Main Library | MUST Main Library | 21/10/2016 | Purchase | 16/39832 | 332.153 WOR 2007 | 2016-4871 | 21/10/2016 | Open Shelf | |||||
| Dewey Decimal Classification | MUST Main Library | MUST Main Library | 21/10/2016 | Purchase | 16/39831 | 332.153 WOR 2007 | 2016-4872 | 21/10/2016 | Open Shelf | |||||
| Dewey Decimal Classification | MUST Main Library | MUST Main Library | 21/10/2016 | Purchase | 16/39830 | 332.153 WOR 2007 | 2016-4873 | 21/10/2016 | Open Shelf | |||||
| Dewey Decimal Classification | MUST Main Library | MUST Main Library | 21/10/2016 | Purchase | 16/39829 | 332.153 WOR 2007 | 2016-4874 | 21/10/2016 | Open Shelf | |||||
| Dewey Decimal Classification | MUST Main Library | MUST Main Library | 08/12/2016 | Purchase | 15/38890 | 332.153 WOR 2007 | 2016-5009 | 08/12/2016 | Open Shelf |
